| 000 | 01208nam a2200253Ia 4500 | ||
|---|---|---|---|
| 999 |
_c35475 _d35475 |
||
| 001 | 1334 | ||
| 003 | GE_BSU | ||
| 005 | 20231002171921.0 | ||
| 008 | 181216s2011||||ge |||||||||||||| ||geo|| | ||
| 020 | _a9789941171994 | ||
| 040 | _cGE_BSU | ||
| 041 | _ageo | ||
| 080 | _a37.01 ბ-20 | ||
| 100 |
_aბალანჩივაძე, რევაზ _912144 |
||
| 245 |
_aანთროპოლოგიური პედაგოგიკა როგორც განათლების მეცნიერება / _cრევაზ ბალანჩივაძე; [რედ.: თემურ ჟღენტი, ვალერიან რამიშვილი]. |
||
| 264 |
_aთბილისი : _bუნივერსალი, _c2011. |
||
| 300 |
_a448 გვ.; _b20 სმ |
||
| 504 | _aბიბლიოგრ.: გვ. 435-443. | ||
| 520 | _aრეზ. ინგლ. | ||
| 653 | _aანთროპოლოგიური პედაგოგიკა | ||
| 700 |
_aჟღენტი, თემურ _eრედაქტორი _919975 |
||
| 700 |
_aრამიშვილი, ვალერიან _eრედაქტორი _919976 |
||
| 942 |
_cBK _2udc |
||